000 00960nam a2200253Ia 4500
003 OSt
005 20220923225104.0
006 a|||||r|||| 00| 0
007 ta
008 220922b |||||||| |||| 00| 0 hin d
024 _a256,983
037 _cTextual
040 _aARTS
_cARTS
_bhin
041 _2hin
_ahin
082 _aO152,6M48:g, H9
100 _aपुरोहित, गोपाल; मिश्र, भगीरथ, संपा.
_9168365
245 0 _aनिबन्धकार बालकृष्ण भट्ट
246 _aNibandhakār bālakṛuṣhṇa bhaṭṭa
260 _aलखनऊ
_b हिन्दी साहित्य समाज
_c1949
300 _a214पृ.
_ccm.
650 _aहिन्दी साहित्य
_9156264
942 _hO152,6M48:g, H9
_cTEXL
_2CC
999 _c375967
_d375967